Managing in a time of great change

Bibliographic Details
Main Author: Drucker, Peter F. (Author)
Format: Book
Language:English
Published: Oxford : Butterworth - Heinemann Ltd 1995
Subjects:

MARC

LEADER 00000cam a2200000 7i4500
001 0000003433
005 20240927.0
008 991203 enk eng
020 |a 0750623926 
040 |a INS   |b eng   |e rda 
090 0 0 |a HD31   |b .D77337 1995 
100 1 |a Drucker, Peter F. ,   |e author 
245 1 0 |a Managing in a time of great change   |c Peter F. Drucker 
264 1 |a Oxford :   |b Butterworth - Heinemann Ltd   |c 1995 
264 4 |c ©1995 
300 |a xii, 317pages ;   |c 24 cm. 
336 |a text  |2 rdacontent 
337 |a unmediated  |2 rdamedia 
338 |a volume  |2 rdacarrier 
500 |a Includes index 
650 0 |a Organisational change 
999 |a 0000006117   |b BOOK   |c Open Shelf   |e Default branch